000 00729nam a2200241 i 4500
001 15571
003 ES-MaACL
005 20251003063034.0
007 t|
008 000403s1999 sp ||||1| spa d
020 _a84-375-0484-8
080 _a502(8=60)
100 1 _aFernández de Oviedo, Gonzalo,
_d1478-1557
_949702
245 1 0 _aBestiario de Indias /
_cGonzalo Fernández de Oviedo.
250 _a1ª ed. en España.
260 _aMadrid :
_bFondo de Cultura Económica de España,
_c1999.
300 _a71 p. ;
_c17 cm.
490 1 _aFondo 2000
650 _aNaturaleza-
_zAmérica española.
_915477
830 0 _aFondo 2000
_9179793
852 _aES-MaACL
_jL-22749
_bR.128000
999 _c15571
_d15571